000 00565nam a2200181 i 4500
001 41160
003 ES-MaACL
005 20250804063401.0
007 t|
008 030310q1914 sp ||||1| spa d
100 1 _aCascales Muñoz, José,
_d1865-1933
_936269
245 1 0 _aDon José de Espronceda
_b: su época, su vida y sus obras /
_cpor José Cascales Muñoz.
260 _aMadrid :
_b[V. Rico],
_c1914.
300 _a350 p. ;
_c19 cm.
600 1 4 _aEspronceda, José de,
_d1808-1842
_947951
852 _aES-MaACL
_jD-1237
999 _c41160
_d41160